Statistiche per Ricostruisci la Carriera del Calciatore - Arda Turan

Clicka qui per fare il quiz!

Statistiche generali

  • Questo quiz è stato fatto 2 volte
  • Il punteggio medio è 4 su 6

Statistiche sulle risposte

HintRisposta% Corretto
2015-2018 Barcellona
100%
2020-2022 Galatasaray
100%
2005-2006Vestel Manisaspor
100%
2011-2015 Atlético Madrid
50%
2018-2020İstanbul Başakşehir
50%
2006-2011 Galatasaray
0%

Distribuzione punteggi

Percentile per numero di risposta

Percentuale di utenti per punteggio

I tuoi punteggi nel tempo

Non hai fatto questo quiz